| 000 | 00463cam a22001934a 4500 | ||
|---|---|---|---|
| 005 | 20250605164322.0 | ||
| 008 | 250528s ||||||||||||||||||||||||d | ||
| 035 | _a22950 | ||
| 020 | _a9780340748992 | ||
| 040 |
_aGR-AtMCL _bgre _dGR-AtMCL _eAACR2 |
||
| 245 | 1 | _aRESEARCH METHODS AND STATISTICS | |
| 250 | _a1 | ||
| 260 |
_bHodder & Stoughton, _c1999 |
||
| 300 | _a197 | ||
| 700 | 1 |
_aCoolican Hugh _9268 |
|
| 942 | _cBK | ||
| 999 |
_c7992 _d7992 |
||